Statystyki dla Wszyscy gospoadarze Pucharu Karaibów w piłce nożnej

Kliknij tutaj aby rozwiązać quiz!

Ogólne statystyki

  • Ten quiz został rozwiązany 16 razy
  • Średni wynik to 17 z 22

Statystyki odpowiedzi

RokGospodarz% Poprawnych
1998Jamajka
94%
1991Jamajka
94%
1993Jamajka
94%
1995Jamajka
94%
2014Jamajka
94%
2008Jamajka
94%
2007Trynidad i Tobago
88%
1992Trynidad i Tobago
88%
1994Trynidad i Tobago
88%
1996Trynidad i Tobago
88%
1990Trynidad i Tobago
88%
1998Trynidad i Tobago
88%
1999Trynidad i Tobago
88%
2001Trynidad i Tobago
88%
1997Antigua i Barbuda
63%
2012Antigua i Barbuda
63%
1989Barbados
63%
2005Barbados
63%
1997Saint Kitts i Nevis
63%
2010Martynika
56%
2017Martynika
56%
1995Kajmany
19%

Rozkład punktacji

Percentyl według liczby udzielonych odpowiedzi

Procent ludzi z każdym wynikiem

Twoja historia wyników

Nie rozwiązałeś tego quizu